Psicología y sociedad: estudio de las relaciones humanas aberrantes
Na minha lista:
| Autor principal: | |
|---|---|
| Formato: | Livro |
| Idioma: | espanhol |
| Publicado em: |
Madrid
Morata
1966
|
| coleção: | Filosofía, psicología, pedagogía
|
| Assuntos: | |
| Tags: |
Adicionar Tag
Sem tags, seja o primeiro a adicionar uma tag!
|
MARC
| LEADER | 00000nam a2200000 a 4500 | ||
|---|---|---|---|
| 001 | UCY7311 | ||
| 003 | CL-VaPUC | ||
| 008 | 950609e19660000SP |||||||||||||||||spa|d | ||
| 082 | 0 | 4 | |a 302 |b BAU |2 21 |
| 100 | 0 | |a Baumgarten, Franziska |e author |9 337762 | |
| 245 | 1 | 0 | |a Psicología y sociedad: estudio de las relaciones humanas aberrantes |
| 300 | |a 174 p | ||
| 942 | |c BK | ||
| 945 | |d 19950609 00:00:00 |a cmena | ||
| 260 | |a Madrid |b Morata |c 1966 | ||
| 650 | 0 | |a Sociología |9 255410 | |
| 650 | 0 | |a Ciencias sociales |9 256351 | |
| 650 | 0 | |a Problemas sociales |9 258537 | |
| 650 | 7 | |a CONFLICTO RACIAL |2 CL-VaPUC |9 337763 | |
| 650 | 0 | |a Relaciones interpersonales |9 307056 | |
| 650 | 0 | |a Patología |9 335879 | |
| 650 | 0 | |a Desviación social |9 337764 | |
| 650 | 0 | |a Psicoanálisis |9 265702 | |
| 650 | 0 | |a Psicología social |9 222894 | |
| 583 | |a last modification |c 19950609 00:00:00 |k Rodrigo Vera | ||
| 490 | 0 | |a Filosofía, psicología, pedagogía | |
| 999 | |c 234720 |d 234718 | ||
| 952 | |0 0 |1 0 |4 0 |6 302_000000000000000_BAU_1966 |7 0 |8 P |9 241367 |a BIBEDU |b BIBEDU |c BIBEDU_PB |d 2019-11-18 |i 151721K |o 302 BAU 1966 |p 151721K |r 2024-01-25 |w 2019-11-18 |y BK |k EDU | ||